| 000 | 00472 a2200133 4500 | ||
|---|---|---|---|
| 001 | 87727 | ||
| 082 | _aPR 104 | ||
| 090 |
_c41186 _d41186 |
||
| 100 | _aMuddassar Mushtaq, Sqn Ldr ; Junaid Hafeez, Sqn Ldr | ||
| 245 | _aDevelopment of E learning facility using webcam based CCTV and open source environment | ||
| 260 |
_aRisalpur _bCAE, PAF Academy Risalpur _c2012 |
||
| 300 |
_axii, 64p. _eMuddassar Mushtaq, Sqn Ldr ; Junaid Hafeez, Sqn Ldr |
||
| 500 | _aBE Project Reports | ||
| 942 |
_aCAE NUST _kPR 104 |
||
| 999 |
_c322800 _d322800 |
||